Responses for Show #9170 - Friday, September 27, 2024

Contestants

[<< previous game]

Kate Roesch, a data visualization developer from Indianapolis, Indiana

Marianne McGowan, a writing professor from Framingham, Massachusetts

Maddie Carwile, a healthcare program coordinator from New York, New York (whose 1-day cash winnings total $11,700)

[next game >>]

Jeopardy! Round responses

O CANADA PROVINCE CAPITAL
DYING ON TV
WILD LINES
NICKNAMES
ALL BETS
R OFF
    $200 23
Nova Scotia

Marianne
    $200 22
Downton Abbey

Maddie
    $200 24
(Kate: Don't know.)

a wild goose chase

Kate
Triple Stumper
    $200 29
Portland

Kate
    $200 16
(Ken: Now, it's time for [*], yes.)

an ante

Marianne
    $200 27
a wok (work to wok)

Maddie
    $400 2
(Kate: What's Toronto?)

Quebec (City)

MaddieKate
    $400 1
Joffrey

Maddie
    $400 15
the Wild West

Kate
    $400 25
Confines

Kate
    $400 30
show

Triple Stumper
    $400 17
bother (brother to bother)

Maddie
    $600 3
Edmonton

Maddie
    $600 5
Arrested Development

Kate
    $600 13
rumpus

Maddie
    $600 11
Jenny

Triple Stumper
    $600 8
a round robin

Kate
    $600 18
lad (lard to lad)

Maddie
    $800 4
Winnipeg

Kate
    $800 6
Omar

Kate
    $800 12
Ishmael

Maddie
    $800 20
(Kate: Who is... Taft?)
(Marianne: Who is McKinley?)

Grover Cleveland

MarianneKate
Triple Stumper
    $800 9
(Ken: Hmm, not sports gamblers here, maybe?

prop

Triple Stumper
    $800 19
Beth (berth to Beth)

Triple Stumper
    $1000 28
Victoria

Maddie
    $1000 7
(Ken: Correct, spoiler warning.)

Sons of Anarchy

Kate
    $1000 14
Muir

Marianne
    $2,200 26
the Crescent City

Kate
    $1000 10
(Kate: What's ante?)

double your wager

Kate
Triple Stumper
    $1000 21
Cain (cairn to Cain)

Kate

Scores at the first commercial break (after clue 15):

Maddie Marianne Kate
$2,800 $1,000 $2,800

Scores at the end of the Jeopardy! Round:

Maddie Marianne Kate
$5,200 $600 $5,600

Double Jeopardy! Round responses

AMERICAN AUTHORS
CAMEOS
THE NATURAL WORLD
LANGUAGES
IT'S A CRISIS!
WORDS THAT SHOULD RHYME
    $400 23
London

Kate
    $400 22
(Kate: Who... is Will Ferrell?)

Ron Burgundy

MaddieKate
    $400 24
a tarantula

Kate
    $400 13
Hebrew

Marianne
    $400 26
(Kate: Uh, what is Egypt?)

France

MarianneKate
    $400 27
trio & bio

Kate
    $800 1
John Steinbeck

Marianne
    $800 30
Keith Richards

Kate
    $800 18
henna

Marianne
    $800 6
Gaelic

Maddie
    $800 10
a bank

Maddie
    $800 11
apprentice & entice

Triple Stumper
    $1200 2
Anne Tyler

Marianne
    $7,000 28
Mulan

Kate
    $1200 5
(Marianne: [*]--what is [*]?)

a cormorant

Marianne
    $3,000 7
(Ken: Farsi, yes.)

Iran

Maddie
    $1200 16
(Kate: What's Ethiopia?)

Somalia

Kate
Triple Stumper
    $1200 12
(Ken: You say [*], I say [**].)

vibrato & potato

Triple Stumper
    $1600 3
Burroughs

Kate
    $1600 4
Brad Pitt

Triple Stumper
    $1600 17
the okapi

Maddie
    $1600 8
Tamil Nadu

Maddie
    $1600 25
Khrushchev

Maddie
    $1600 14
leprosy & nosy

Maddie
    $2000 20
Hinton

Kate
    $2000 21
Quiz Lady

Triple Stumper
    $2000 19
a fungus

Maddie
    $2000 9
the Berbers

Kate
    $2000 29
Boko Haram

Maddie
    $2000 15
ignore & signore

Kate

Scores at the end of the Double Jeopardy! Round:

Maddie Marianne Kate
$20,600 $5,400 $20,200

[wagering suggestions for these scores]

Final Jeopardy! Round responses

LANDMARKS
(Ken: [To Marianne] The highest building on Earth when it was completed.)
...
(Ken: [To Kate] And she finished that "T" in the nick of time.)
MarianneWhat is the Washington Monument?
$5,000
KateWhat is the Washington Monument
$8,000
MaddieWhat is the St. Louis Arch? (Thanks J+K+K •ᴗ•)
$20,000
the Washington Monument

Final scores:

Maddie Marianne Kate
$600 $10,400 $28,200
3rd place: $2,000 2nd place: $3,000 New champion: $28,200

Game dynamics:

Coryat scores:

Maddie Marianne Kate
$18,800 $5,400 $13,200
20 R
(including 1 DD),
0 W
9 R,
1 W
19 R
(including 2 DDs),
7 W

Combined Coryat: $37,400

[game clues] [game scores] [suggest correction]

Game tape date: 2024-06-03
The J! Archive is created by fans, for fans. Scraping, republication, monetization, and malicious use prohibited; this site may use cookies and collect identifying information. See terms. The Jeopardy! game show and all elements thereof, including but not limited to copyright and trademark thereto, are the property of Jeopardy Productions, Inc. and are protected under law. This website is not affiliated with, sponsored by, or operated by Jeopardy Productions, Inc. Join the discussion at JBoard.tv.